|
|
|
|
| LEADER |
00000nkm a2200000 a 4500 |
| 001 |
vtls011769094 |
| 003 |
SK-MaSNL |
| 005 |
20260331211532.0 |
| 007 |
kf co |
| 008 |
230718s1977 xo g kuslo |
| 015 |
|
|
|a SNBG1977
|
| 035 |
|
|
|a urn:nbn:sk:snk-km00doml
|
| 035 |
|
|
|a urn:nbn:sk:snk-km3lynz
|
| 035 |
|
|
|a DDFB503C-5D4D-4AD5-94C4-D756EC4655E1
|
| 040 |
|
|
|a SNK
|b slo
|c SNK
|e AACR2
|
| 041 |
0 |
|
|a slo
|
| 043 |
|
|
|a e-xo---
|
| 044 |
|
|
|a xo
|c SK
|
| 072 |
|
7 |
|a 913
|x Regionálna geografia
|2 konspekt
|
| 080 |
|
|
|a 913(437.6)
|2 2011
|
| 080 |
|
|
|a 904
|2 2011
|
| 080 |
|
|
|a (084.121)
|2 2011
|
| 100 |
1 |
|
|a Cincík, Jozef,
|d 1908-1982
|4 pht
|9 55163
|
| 245 |
1 |
0 |
|a Spišská Nová Ves - priemyselné a banské mesto
|h grafika
|c foto Jozef Cincík, Igor Grossmann, Ladislav Jiroušek
|
| 260 |
|
|
|a Bratislava
|b Pravda
|c 1977
|
| 300 |
|
|
|a 1 pohľadnica (5 čiastkových pohľadov)
|b farebná
|c 11 x 15 cm
|
| 500 |
|
|
|a Na pohľadnici uvedené: Pôv. slovanská osada. Prvé písomné doklady o obci sú z r. 1268, mestom pred rokom 1407. Uchované historické pamiatky sú takmer zo všetkých slohových období. Mesto je východiskom do Slovenského raja, chránenej krajinnej oblasti
|
| 520 |
8 |
|
|a Zobrazenie: V zlatom orámovaní pohľad na dominanty mesta a medzi pohľadmi v strede je uvedený názov "Spišská Nová Ves"
|
| 650 |
0 |
7 |
|a pamätihodnosti
|2 SNKPH
|9 58337
|
| 651 |
|
7 |
|a Spišská Nová Ves (Slovensko)
|2 SNKPHgeo
|9 28800
|
| 655 |
|
7 |
|a miestne pohľadnice
|2 SNKPH
|9 70510
|
| 700 |
1 |
|
|a Grossmann, Igor,
|d 1924-2013
|4 pht
|9 159188
|
| 700 |
1 |
|
|a Jiroušek, Ladislav,
|d 1943-2019
|4 pht
|9 90423
|
| 852 |
|
|
|a Slovenská národná knižnica
|
| 954 |
|
|
|a pohľadnice pôvodné (slovenské)
|2 lita
|
| 958 |
|
|
|a GBN
|
| 958 |
|
|
|a GC
|
| 958 |
|
|
|a OND
|
| 958 |
|
|
|a EUIPO
|
| 999 |
|
|
|c 770657
|d 772587
|
| 952 |
|
|
|a SNK
|b SNK
|y PREZ
|7 0
|p 17A1243758
|o snkSP 115320
|z Pohľadnica prešla poštou.
|0 0
|1 0
|4 0
|d 2018-07-26
|f 1
|l 0
|r 2026-02-24 00:33:38
|w 2026-02-24
|